| 000 | 00962nam1a22002291 4500 | ||
|---|---|---|---|
| 001 | rc\2911618 | ||
| 005 | 20110808133506.1 | ||
| 035 | _a(NLR Aleph) 007062326 | ||
| 090 |
_a6297951 _c6297951 |
||
| 100 | _a20110808d1937 |||y0rusy50 ca | ||
| 101 | 0 | _arus | |
| 102 | _aRU | ||
| 105 | _ay j ||||| | ||
| 200 | 1 |
_aРентгенография металлов ... _eУтв. ГУУЗ в качестве учебника для втузов _fГ.С. Жданов и Я.С. Уманский |
|
| 210 |
_aМосква _aЛенинград _cОнти. Гл. ред. лит. по цветной металлургии _d1937 _eЛенинград _gТипография им. Евг. Соколовой |
||
| 700 | 1 |
_aЖданов _bГ. С. _f1906-1991 _gГерман Стапанович |
|
| 701 | 1 |
_aУманский _bЯ. С. _gЯков Семенович |
|
| 801 | 0 |
_aRU _bNLR _gpsbo |
|
| 801 | 1 |
_aRU _bELAR _2rusmarc |
|
| 852 |
_aNLR _j37-18/218(2) |
||
| 942 | _cBOOK | ||
| 980 | _aNB | ||